A nagyvárosi turisták szemszögéből Békésszentandrásra való utazás motivációi

Bibliográfiai részletek
Szerző: Olasz Éva
További közreműködők: Formádi Dr. Katalin Klaudia
Dokumentumtípus: Projektmunka
Kulcsszavak:adatgyűjtés
falusi turizmus
kutatás
motiváció
wellness
Online Access:http://dolgozattar.uni-bge.hu/60292

MARC

LEADER 00000nnm a2200000 i 4500
001 dolg60292
005 20260409150247.0
008 260409suuuu hu o 000 hun d
040 |a BGE Dolgozattár Repozitórium  |b hun 
041 |a hu 
100 1 |a Olasz Éva 
245 1 2 |a A nagyvárosi turisták szemszögéből  |b Békésszentandrásra való utazás motivációi  |c Olasz Éva  |h [elektronikus dokumentum] 
516 |a Project_work 
520 3 |a Dolgozatom témája a "A nagyvárosi turisták szemszögéből: Békésszentandrásra való utazás motivációi". Azért ezt a témát választottam, mert Békésszentandráson élek, ami számomra egy nagyon kicsi, lelassult település, viszont a nyári időszakban turistáktól nyüzsög az egész teleülés minden üdülősora. Érdekelt, hogy mi az oka, hogy a nagyvárosból Békésszentandrásra jönnek nyaralni. Gyakorlatomat a Bordűr Wellness Hotelban töltöttem, és az ott megszálló vendégek segítségével végeztem egy kérdőíves kutatást, melynek eredményei hol megegyeztek a hipotézisemmel, hogy ellentétel eredményt kaptam. Kutatásom során tizenegy hipotézist tettem fel és néhol meglepő eredményt kaptam. A számomra leginkább egyértelműnek gondolt hipotézis megdőlt, ugyanis azt gondoltam, hogy a legtöbben Budapestről érkeznek a településre nyaralni, viszont a kitöltők közül a legtöbben –habár csak 1 fővel Budapest előtt- Szegedről érkeztek. 
695 |a adatgyűjtés 
695 |a falusi turizmus 
695 |a kutatás 
695 |a motiváció 
695 |a wellness 
700 1 |a Formádi Dr. Katalin Klaudia  |e ths 
856 4 0 |u http://dolgozattar.uni-bge.hu/60292/1/Olasz_%C3%89va_Projektmunka%20%281%29.pdf  |z Dokumentum-elérés 
856 4 0 |u http://dolgozattar.uni-bge.hu/60292/2/Olasz_%C3%89va_Projektmunka%20%281%29.pdf  |z Dokumentum-elérés 
856 4 0 |u http://dolgozattar.uni-bge.hu/60292/3/B%C3%ADr%C3%A1lati%20lap_komplex%20k%C3%A9rd%C3%A9s_FOSZK_2025_Olasz%20E.pdf  |z Dokumentum-elérés